000
00315nam a22001337a 4500
008
181205b xxu||||| |||| 00| 0 eng d
020
_a
0721852824
041
_a
eng
080
_a
618
100
_a
8
101
_a
GYN
245
_a
Clinical Pediatri And Adolescent Endocrinology
_c
Kaplan.P
942
_2
udc
_c
BK
999
_c
52866
_d
52866